| 000 | 01348cad a22002895a 4500 | ||
|---|---|---|---|
| 001 | L159439 | ||
| 008 | 131031s2016 xxk f f 001 0 eng d | ||
| 020 | _a9781783211296 | ||
| 035 | _a(Sirsi) u159439 | ||
| 041 | 0 | _aeng | |
| 041 | 0 | _apol | |
| 050 | 0 | 4 | _a333.332 $2 18 |
| 110 | 2 |
_aRoyal Institution of Chartered Surveyors _94900 |
|
| 240 | 0 | 0 | _aRed Book |
| 245 | 0 | 0 |
_aApplication of the RICS Valuation - Professional Standards in Poland _h[electronic resource] |
| 260 |
_aLondon _bRICS _c2016 |
||
| 300 | _a13 p. | ||
| 490 | 0 | _aRICS Guidance Note | |
| 490 | 0 | _aRICS Valuation Standards | |
| 520 | _aProvides assistance on the application of the RICS Valuation ? Professional Standards January 2014 (the ?Red Book?) to valuations that have to be provided in compliance with Polish law. Effective from June 2016. | ||
| 650 | 2 | 4 | _aRICS VALUATION STANDARDS |
| 651 | 4 | _aPoland | |
| 690 |
_aValuation _96273 |
||
| 856 | 4 | 0 |
_uhttps://www.isurv.com/downloads/file/6877/application_of_the_rics_valuation_-_professional_standards_in_poland_1st_edition_polish _zPolish edition archived on iSurv (subscription required) |
| 856 | 4 | 0 |
_uhttps://www.isurv.com/downloads/file/6850/application_of_the_rics_valuation_-_professional_standards_in_poland_1st_edition_english _zEnglish edition archived on iSurv (subscription required) |
| 942 |
_n0 _2ddc |
||
| 999 |
_c115900 _d115900 |
||